Ключ счастья. Сказки народов Сибири: [сборник]

Bibliografiske detaljer
Andre forfattere: Закусина Н. М. (редактор составитель), Серков Л. (художник)
Summary:Оригинальное оформление обложки: заглавие нанесено на металлическую пластину в форме цветка.
Sprog:russisk
Udgivet: Новосибирск, Западно-Сибирское книжное издательство, 1975
Fag:
Format: MixedMaterials Bog
KOHA link:https://koha.lib.tpu.ru/cgi-bin/koha/opac-detail.pl?biblionumber=215157

MARC

LEADER 00000nam0a2200000 4500
001 215157
005 20231101225940.0
010 |b 5000 экз. 
035 |a (RuTPU)RU\TPU\book\235054 
090 |a 215157 
100 |a 20120504d1975 m y0rusy50 ca 
101 0 |a rus 
102 |a RU 
105 |a a z 000ay 
200 1 |a Ключ счастья. Сказки народов Сибири  |e [сборник]  |f  ред.-сост. Н. М. Закусина ; худ. Л. Серков 
210 |a Новосибирск  |c Западно-Сибирское книжное издательство  |d 1975 
215 |a 158 с.  |c ил.  |d 10,5 см. 
300 |a Оригинальное оформление обложки: заглавие нанесено на металлическую пластину в форме цветка. 
606 |a Сказки  |2 stltpush  |3 (RuTPU)RU\TPU\subj\77522  |9 87740 
610 1 |a художественная литература 
610 1 |a сказки 
610 1 |a Сибирь 
610 1 |a миниатюрные издания 
675 |a 811  |v 3 
702 1 |a Закусина  |b Н. М.  |4 340  |4 220 
702 1 |a Серков  |b Л.  |4 040 
801 1 |a RU  |b 63413507  |c 20120504 
801 2 |a RU  |b 63413507  |c 20180703  |g RCR 
942 |c BK